4 à la suite - Les hits africains - Statistiques

Statistiques générales
  • Ce quiz a été pris 28 fois
  • Le résultat moyen est 5 sur 12
Statistiques - réponses
Réponse % Correct
Aïcha
79%
Amadou et Mariam
79%
Jerusalema
63%
Magic in the air
54%
7 Seconds
50%
Miriam Makeba
46%
Asimbonanga
42%
Manu Dibango
29%
Angélique Kidjo
17%
Burna Boy
8%
Rozalla
4%
Madan
0%
Aucun quiz correspondant
Distribution des résultats
% des personnes avec chaque résultat
Percentile par nombre de réponses
Votre historique - résultats
Vous n’avez pas pris ce quiz